| 000 | 00000nam 2200000za 4500 |
| 001 | 9.579072 |
| 003 | CaOODSP |
| 005 | 20230131161133 |
| 007 | cr ||||||||||| |
| 008 | 150406s2005||||xxcabo|fo f000 0 eng d |
| 020 | |q(paper) |z0-660-19338-8 |
| 040 | |aCaOODSP|beng |
| 041 | |aeng|bfre |
| 043 | |an-cn-bc |
| 086 | 1 |aM42-577E-PDF |
| 100 | 1 |aEvenchick, Carol Anne |d1956- |eauthor. |
| 245 | 10|aGeology of the Spatsizi River map area, north-central British Columbia |h[electronic resource] / |cC.A. Evenchick and D.J. Thorkelson. |
| 260 | |aOttawa : |bNatural Resources Canada : |bGeological Survey of Canada,|c2005. |
| 300 | |a289 p. : |bfigs. (some col.), graphs, maps (some col.), photographs ; |eFigures: 15 (1p.), 48 (1p.), 52 (1p.), 166 (1p.), 171 (1p.), 172 (1p.), and 173 (1p.). |
| 490 | 1 |aBulletin / Geological Survey of Canada |v577 |
| 500 | |aThe catalogue number (M42-577E) and ISBN (0-660-19338-8) for the print edition have been copied in this electronic publication. |
| 500 | |aA-series maps (2028A, 2029A, 2030A, 2031A, 2032A, 2033A, 2034A, 2035A, 2036A, 2037A, 2038A, 2039A, 2040A) to accompany the report have been catalogued separately. |
| 504 | |aIncludes bibliographical references. |
| 546 | |a(Résumé et Sommaire en français). |
| 590 | |a14-05-Supp|b2014-02-26 |
| 700 | 1 |aThorkelson, D. J. |
| 710 | 2 |aGeological Survey of Canada. |
| 776 | 0#|tGeology of the Spatsizi River map area, north-central British Columbia / |w(CaOODSP)9.616903 |
| 830 | #0|aBulletin (Geological Survey of Canada)|v577|w(CaOODSP)9.504778 |
| 856 | 40|ahttp://publications.gc.ca|qPDF|s2.27 MB|uhttps://publications.gc.ca/Collection-R/GSC-CGC/M42E/577/b577_f171.pdf |
| 856 | 40|ahttp://publications.gc.ca|qPDF|s1.79 MB|uhttps://publications.gc.ca/Collection-R/GSC-CGC/M42E/577/b577_f15.pdf |
| 856 | 40|ahttp://publications.gc.ca|qPDF|s2.49 MB|uhttps://publications.gc.ca/Collection-R/GSC-CGC/M42E/577/b577_f172.pdf |
| 856 | 40|ahttp://publications.gc.ca|qPDF|s4.01 MB|uhttps://publications.gc.ca/Collection-R/GSC-CGC/M42E/577/b577_f52.pdf |
| 856 | 40|ahttp://publications.gc.ca|qPDF|s3.12 MB|uhttps://publications.gc.ca/Collection-R/GSC-CGC/M42E/577/b577_f166.pdf |
| 856 | 40|ahttp://publications.gc.ca|qPDF|s2.39 MB|uhttps://publications.gc.ca/Collection-R/GSC-CGC/M42E/577/b577_f173.pdf |
| 856 | 40|ahttp://publications.gc.ca|qPDF|s2.55 MB|uhttps://publications.gc.ca/Collection-R/GSC-CGC/M42E/577/b577_f48.pdf |
| 856 | 40|ahttp://publications.gc.ca|qPDF|s146 MB|uhttps://publications.gc.ca/Collection-R/GSC-CGC/M42E/577/GSC_B577.pdf|y577 |